000 00574nam a2200229Ia 4500
003 OSt
005 20221005123041.0
006 a|||||r|||| 00| 0
007 ta
008 221004b |||||||| |||| 00| 0 urd d
024 _a13224
037 _cTextual
040 _aCRL
_cCRL
_burd
041 _2urd
_aurd
082 _aO168,1MBA2,1, F9
100 _aSagheer Bilgrami
_9633059
245 0 _aKhumakhan badar
260 _c1929
650 _aURDU POETRY
942 _hO168,1MBA2,1, F9
_cTEXL
_2cc
999 _c1046225
_d1046225